[Event "2nd Pearl Spring"]
[Site "Nanjing CHN"]
[Date "2009.10.01"]
[Round "4"]
[White "Jakovenko,D"]
[Black "Carlsen,M"]
[Result "0-1"]
[WhiteElo "2742"]
[BlackElo "2772"]
[EventDate "2009.09.28"]

1. e4 c5 2. Nf3 d6 3. d4 cxd4 4. Nxd4 Nf6 5. Nc3 a6 6. Be2 e5 7. Nb3 Be7 8.
O-O O-O 9. Be3 Be6 10. Qd2 Nbd7 11. a4 Nb6 12. a5 Nc4 13. Bxc4 Bxc4 14.
Rfd1 Rc8 15. f3 Rc6 16. Kh1 Qc8 17. Rac1 Rd8 18. Nd5 Bxd5 19. exd5 Rc4 20.
Qd3 e4 21. fxe4 Rxe4 22. c4 Re8 23. Bg1 Bf8 24. Nd4 g6 25. Rf1 Bh6 26. Qf3
Rf4 27. Qd3 Ng4 28. Nf3 Rfe4 29. Rc3 Ne3 30. Re1 Qg4 31. Re2 Qh5 32. Bxe3
Rxe3 33. Rxe3 Bxe3 34. Qe2 Qh6 35. c5 dxc5 36. d6 Re6 37. d7 Bg5 38. Qd1
Bd8 39. Rxc5 Qf8 40. Rd5 Qb4 41. b3 Re3 42. Nd2 Qc3 43. Nf3 Qb4 44. Nd2 Qf4
45. Nf3 Rc3 46. Qe2 Qe3 47. Qxe3 Rxe3 48. Rd4 Kf8 49. Rb4 Rd3 50. Rxb7 Rd1+
51. Ng1 Bxa5 52. g4 Ke7 53. Kg2 Rxd7 54. Rxd7+ Kxd7 55. Kf3 Kd6 56. Ke4 Kc5
57. Kd3 Kd5 58. Nf3 Bd8 59. h3 h6 60. h4 h5 61. gxh5 gxh5 62. Ke3 Kc5 63.
Kd3 Kb4 0-1

[Event "2nd Pearl Spring"]
[Site "Nanjing CHN"]
[Date "2009.10.01"]
[Round "4"]
[White "Radjabov,T"]
[Black "Topalov,V"]
[Result "1/2-1/2"]
[WhiteElo "2757"]
[BlackElo "2813"]
[EventDate "2009.09.28"]

1. e4 e5 2. Nf3 Nc6 3. d4 exd4 4. Nxd4 Nf6 5. Nxc6 bxc6 6. e5 Qe7 7. Qe2
Nd5 8. c4 Ba6 9. Nd2 O-O-O 10. b3 g5 11. Bb2 Bg7 12. O-O-O Nb6 13. h4 g4
14. f4 gxf3 15. Nxf3 c5 16. Qe1 Bb7 17. Bd3 h6 18. Qg3 Rdg8 19. Rhe1 d5 20.
exd6 Bxb2+ 21. Kxb2 Qxd6 22. Bf5+ Kb8 23. Re8+ Nc8 24. Rxd6 Rxg3 25. Rxh8
cxd6 26. Ne1 Kc7 27. Rh7 Ne7 28. Rxf7 Kd8 29. Rf8+ Kc7 30. Rf7 Kd8 31. Bc2
Re3 32. Nd3 Bxg2 33. Rf6 Kc7 34. Nf4 Rf3 35. Be4 Rf2+ 36. Kc3 Bxe4 37. Ne6+
Kd7 38. Nf8+ Ke8 39. Rxf2 Bf5 40. Rd2 Nc8 41. Rf2 Ne7 42. Ne6 Bxe6 43. Rf6
Kd7 44. Rxh6 Bf5 45. h5 Ng8 46. Rh8 Nf6 47. h6 Ke6 48. Ra8 Ng4 49. Rxa7
Nxh6 50. a4 Nf7 51. a5 Be4 52. Rc7 Ne5 53. a6 Nd7 54. Rc8 Ke7 55. b4 cxb4+
56. Kxb4 Nb6 57. Rb8 Na8 58. c5 Nc7 59. cxd6+ Kxd6 60. a7 Na8 61. Kb5 Bd3+
62. Ka5 Be4 63. Kb5 Bd3+ 64. Ka5 Be4 1/2-1/2

[Event "2nd Pearl Spring"]
[Site "Nanjing CHN"]
[Date "2009.10.01"]
[Round "4"]
[White "Wang Yue"]
[Black "Leko,P"]
[Result "1/2-1/2"]
[WhiteElo "2736"]
[BlackElo "2762"]
[EventDate "2009.09.28"]

1. d4 d5 2. c4 e6 3. Nf3 Nf6 4. Nc3 c6 5. Bg5 h6 6. Bxf6 Qxf6 7. e3 g6 8.
Bd3 Bg7 9. O-O O-O 10. cxd5 exd5 11. b4 Be6 12. Na4 Nd7 13. Rc1 Rfc8 14.
Nc5 Qe7 15. Nd2 b6 16. Nxe6 Qxe6 17. Nb3 Bf8 18. a3 c5 19. bxc5 bxc5 20.
dxc5 Nxc5 21. Nxc5 Rxc5 22. a4 Rd8 23. Qb3 Qb6 24. Qxb6 axb6 25. Bb5 d4 26.
Rxc5 Bxc5 27. Rd1 f5 28. exd4 Rxd4 29. Rxd4 Bxd4 1/2-1/2

[Event "2nd Pearl Spring"]
[Site "Nanjing CHN"]
[Date "2009.10.04"]
[Round "6"]
[White "Leko,P"]
[Black "Carlsen,M"]
[Result "1/2-1/2"]
[WhiteElo "2762"]
[BlackElo "2772"]
[EventDate "2009.09.28"]

1. d4 Nf6 2. c4 g6 3. g3 Bg7 4. Bg2 d5 5. cxd5 Nxd5 6. e4 Nb6 7. Ne2 c5 8.
d5 e6 9. O-O O-O 10. Nbc3 Na6 11. Nf4 e5 12. Nd3 Nc4 13. Qe2 Qa5 14. a3 Bd7
15. Bg5 Rfc8 16. Be7 Qb6 17. d6 Be6 18. Nd5 Bxd5 19. d7 Be6 20. dxc8=Q+
Rxc8 21. b4 cxb4 22. axb4 Bf8 23. Bxf8 Rxf8 24. Rfc1 Rd8 25. Bf1 Rd4 26.
Rd1 Nxb4 27. Nxb4 Rxd1 28. Qxd1 Qxb4 29. Qa4 Qxa4 30. Rxa4 Nd6 31. Rxa7
Nxe4 32. Rxb7 Kg7 33. Rb5 Kf6 34. f3 Nd6 35. Rb6 Ke7 36. Kf2 h5 37. Bd3 Nf5
38. Ra6 Nd6 39. Ke3 Nc4+ 40. Kf2 Nd6 41. Bb1 Nf5 42. Ba2 Bxa2 43. Rxa2 g5
44. Ra4 h4 45. g4 Nd6 46. Ke3 Ke6 47. Ra6 Kd5 48. Kd3 f6 49. Ra5+ Ke6 50.
h3 Nb7 51. Ra6+ Nd6 52. Kc3 Kd5 53. Ra5+ Ke6 54. Kb4 e4 55. fxe4 Nxe4 56.
Rf5 Nd6 57. Rf1 f5 58. Kc3 fxg4 59. hxg4 Ne4+ 60. Kd4 Nf6 61. Re1+ Kf7 62.
Rg1 h3 63. Rh1 Nxg4 64. Rxh3 Kg6 1/2-1/2

[Event "2nd Pearl Spring"]
[Site "Nanjing CHN"]
[Date "2009.10.04"]
[Round "6"]
[White "Jakovenko,D"]
[Black "Topalov,V"]
[Result "0-1"]
[WhiteElo "2742"]
[BlackElo "2813"]
[EventDate "2009.09.28"]

1. d4 Nf6 2. c4 g6 3. Nc3 d5 4. Nf3 Bg7 5. Qa4+ Bd7 6. Qb3 dxc4 7. Qxc4 O-O
8. Bf4 Na6 9. e4 c5 10. e5 Nh5 11. Be3 cxd4 12. Qxd4 Bc6 13. Be2 Qa5 14.
O-O Nb4 15. Qh4 Nc2 16. g4 Nxe3 17. fxe3 Bh6 18. Nd1 Kh8 19. gxh5 Rg8 20.
Kf2 Rad8 21. hxg6 Bxf3 22. Kxf3 Rxg6 23. Qe4 f5 24. Qc4 Qd2 25. Rc1 Rc6 26.
Qh4 Qxc1 27. Qxe7 Rg8 28. e6 Qd2 29. Kf2 f4 0-1

[Event "2nd Pearl Spring"]
[Site "Nanjing CHN"]
[Date "2009.10.05"]
[Round "7"]
[White "Wang Yue"]
[Black "Jakovenko,D"]
[Result "1/2-1/2"]
[WhiteElo "2736"]
[BlackElo "2742"]
[EventDate "2009.09.28"]

1. d4 Nf6 2. c4 g6 3. Nc3 d5 4. Bf4 Bg7 5. e3 O-O 6. cxd5 Nxd5 7. Nxd5 Qxd5
8. Bxc7 Na6 9. Bxa6 Qxg2 10. Qf3 Qxf3 11. Nxf3 bxa6 12. Rc1 f6 13. Rg1 Bb7
14. Ke2 Rac8 15. Rgd1 Rf7 16. Ba5 Rff8 17. Rc5 e5 18. Rdc1 exd4 19. Nxd4
Rxc5 20. Rxc5 Rc8 21. Rxc8+ Bxc8 22. Bb4 Kf7 23. Bc5 f5 24. Bxa7 g5 25. b3
h6 26. Bb8 f4 27. Kd3 fxe3 28. fxe3 h5 29. e4 Kg6 30. a4 g4 31. Bf4 h4 32.
e5 a5 33. e6 Bxd4 34. e7 Kf7 35. Kxd4 g3 36. hxg3 h3 37. g4 Bxg4 38. Bd6
Bd1 39. Kc3 Ke8 40. b4 axb4+ 41. Kxb4 h2 42. Bxh2 Kxe7 1/2-1/2

[Event "2nd Pearl Spring"]
[Site "Nanjing CHN"]
[Date "2009.10.05"]
[Round "7"]
[White "Topalov,V"]
[Black "Carlsen,M"]
[Result "1/2-1/2"]
[WhiteElo "2813"]
[BlackElo "2772"]
[EventDate "2009.09.28"]

1. e4 c5 2. Nf3 Nc6 3. d4 cxd4 4. Nxd4 Nf6 5. Nc3 e5 6. Ndb5 d6 7. Bg5 a6
8. Na3 b5 9. Bxf6 gxf6 10. Nd5 Bg7 11. Bd3 Ne7 12. Nxe7 Qxe7 13. O-O O-O
14. c4 f5 15. Qh5 Rb8 16. exf5 e4 17. Rae1 Bb7 18. Qg4 Rfe8 19. cxb5 d5 20.
bxa6 Bc6 21. Rc1 exd3 22. Rxc6 Qe2 23. h3 Rxb2 24. f6 Qxg4 25. hxg4 Rxa2
26. Nb1 Bf8 27. Rc3 Rxa6 28. Rxd3 Rxf6 29. Rxd5 Bb4 30. g3 Re2 31. Kg2 Be1
32. Rf5 Rxf5 33. gxf5 Bb4 34. Rc1 h5 35. Rc4 Rb2 36. Nc3 Bxc3 37. Rxc3 Rb5
38. Rf3 Kg7 39. Kh3 Kh6 40. Kh4 Rb1 41. Kh3 Rb5 42. Kh4 Rb1 43. Kh3 1/2-1/2

[Event "2nd Pearl Spring"]
[Site "Nanjing CHN"]
[Date "2009.10.09"]
[Round "10"]
[White "Carlsen,M"]
[Black "Jakovenko,D"]
[Result "1-0"]
[WhiteElo "2772"]
[BlackElo "2742"]
[EventDate "2009.09.28"]

1. d4 d5 2. c4 e6 3. Nc3 Be7 4. cxd5 exd5 5. Bf4 c6 6. Qc2 Bd6 7. Bxd6 Qxd6
8. e3 Ne7 9. Bd3 b6 10. Nf3 Ba6 11. O-O Bxd3 12. Qxd3 Nd7 13. e4 O-O 14. e5
Qe6 15. Rae1 Rfe8 16. Nh4 Ng6 17. Nxg6 Qxg6 18. Qd2 Nf8 19. f4 Qf5 20. Nd1
f6 21. Ne3 Qd7 22. Qd3 fxe5 23. dxe5 Ne6 24. f5 Nc5 25. Qd4 Ne4 26. Nxd5
Qxd5 27. Qxe4 Rad8 28. e6 Qxe4 29. Rxe4 Rd6 30. g4 Kf8 31. g5 Ke7 32. Kg2
Rd5 33. Kg3 Kd6 34. h4 c5 35. f6 gxf6 36. gxf6 Rd3+ 37. Kh2 Rd2+ 38. Kh1
1-0

[Event "2nd Pearl Spring"]
[Site "Nanjing CHN"]
[Date "2009.10.09"]
[Round "10"]
[White "Leko,P"]
[Black "Wang Yue"]
[Result "1/2-1/2"]
[WhiteElo "2762"]
[BlackElo "2736"]
[EventDate "2009.09.28"]

1. e4 e5 2. Nf3 Nf6 3. Nxe5 d6 4. Nf3 Nxe4 5. Nc3 Nxc3 6. dxc3 Be7 7. Be3
Nc6 8. Qd2 Be6 9. O-O-O Qd7 10. Kb1 Bf6 11. h4 h6 12. Nd4 Nxd4 13. cxd4 c6
14. f3 d5 15. Bf4 Be7 16. Re1 Bd6 17. Bd3 O-O-O 18. Re2 Bxf4 19. Qxf4 Qd6
20. Qxd6 Rxd6 21. Kc1 Kd8 22. Kd2 Bd7 23. b3 Re8 24. g4 Rde6 25. Rxe6 Bxe6
26. Rg1 Kc7 27. f4 Kd6 28. h5 Rh8 29. Ke3 b6 30. b4 Bd7 31. Kf3 Ra8 32. Rb1
a5 33. bxa5 b5 34. a4 bxa4 35. a6 Bc8 36. Ra1 Bxa6 37. Rxa4 Bb7 38. Rxa8
Bxa8 39. g5 Bb7 40. c3 Bc8 41. Kg3 f6 42. gxh6 gxh6 43. Kf3 Bd7 44. Kg3 Bc8
45. Kf3 Bd7 46. Kg3 Bc8 1/2-1/2